000 00318nam a2200133Ia 4500
008 191201s2015 xx 000 0 und d
100 _aJAIN, T R
245 0 _aBasics of Economics and Management
250 _aRep
260 _c2015
_bV K Enterprises
_aNew Delhi
300 _a295
650 _aCIVIL
942 _2ddc
_cBB
999 _c7641
_d7641